| 000 | 00591nam a2200133Ia 4500 | ||
|---|---|---|---|
| 008 | 231221s9999 xx 000 0 und d | ||
| 041 | _aEnglish | ||
| 082 | _aQPMSPG05-953 | ||
| 245 | 0 | _aBioethics and biosafety (BTP 404) : Biotechnology (Semester Scheme) [electronic resource : question paper] : Fourth sem M.Sc. examination, May/Jun 2005 (PS-303) (2004- | |
| 260 |
_c2005/05 _bVTU _aBangalore |
||
| 650 | _aBioethics,biosafety,:,Biotechnology,(Semester,Scheme),(electronic,:,paper),:,Fourth,semester,M.Sc.,examination,,May/Jun,2005,(2004- | ||
| 650 | _aM.Sc., Biotechnology | ||
| 942 | _cDL | ||
| 999 |
_c204827 _d204827 |
||